| 000 | 00529nam a22001577a 4500 | ||
|---|---|---|---|
| 020 | _qHard Cover. | ||
| 082 | _a620.005 | ||
| 100 | _aTawab, Khalid | ||
| 245 |
_aSupply chain strategy survey a case study of ceramic industry in Pakistan / _cKhalid Tawab |
||
| 260 |
_aIslamabad : _bCEME - NUST, _c2015. |
||
| 300 |
_aix, 56 p. : ill. ; _c30cm. |
||
| 650 |
_aEngineering Management -MS-Thesis _916065 |
||
| 700 |
_aDr. Muhammad Tahir Nawaz. _917292 |
||
| 942 |
_2ddc _cTHE |
||
| 999 |
_c540669 _d540669 |
||